Từ điển triết học

Guardat en:
Dades bibliogràfiques
Format: Llibre
Publicat: H. Sự thật 1986
Matxcơva Tiến bộ
Matèries:
Etiquetes: Afegir etiqueta
Sense etiquetes, Sigues el primer a etiquetar aquest registre!
Thư viện lưu trữ: Trung tâm Học liệu Lê Vũ Hùng, Trường Đại học Đồng Tháp
LEADER 00654pam a22002058a 4500
001 00000779
008 110323s1986 ||||||Viesd
005 20180920150954.0
041 0 # |a Vie 
082 1 4 |a 103  |b T550Đ 
245 0 0 |a Từ điển triết học 
260 # # |a H.  |b Sự thật  |c 1986 
260 # # |a Matxcơva  |b Tiến bộ 
300 # # |a 720 tr.  |c 20 cm. 
650 # # |a Triết học 
650 # # |a Từ điển 
852 # # |b Kho đọc 
852 # # |j KM.0023971  |j KD.0007261  |j KD.0006569  |j KM.0026247  |j KM.0026260  |j KM.0026391 
910 |d 23/03/2011 
980 # # |a Trung tâm Học liệu Lê Vũ Hùng, Trường Đại học Đồng Tháp